| 000 | 01280nam a22002897a 4500 | ||
|---|---|---|---|
| 003 | OSt | ||
| 005 | 20250408093511.0 | ||
| 008 | 240911b ||||| |||| 00| 0 eng d | ||
| 040 | _c0 | ||
| 082 | _aDPer 621.317 Ie21 December 2022 v.37 n. 12 part 1&2. | ||
| 100 |
_aBi, Guangdong. _eauthor. _960755 |
||
| 245 |
_aAdaptive quasi-proportional-resonant observer-based rotor position estimation for sensorless pmsm drives / _cGuangdong Bi, Dawie Ding, Guoqiang Zhang, Qiwei Wang, Runze Jing, Gaolin Wang, and Dianguo Xu. |
||
| 260 |
_aNew York ; _bThe Institute of Electrical and Electronics Engineers, Inc., _c December 2022. |
||
| 300 |
_avolume 37, pages 15221-15233, _billustration. |
||
| 500 | _aIEEE Transactions on Power Electronics, v. 37 n. 12, pages 15221-15233, December 2022. | ||
| 650 | 0 |
_ahigh-frequency signal injection. _966227 |
|
| 650 | 0 |
_aonline suppression. _966228 |
|
| 650 | 0 |
_arotor position harmonic error. _966229 |
|
| 700 |
_aBi, Guangdong. _eauthor. _960756 |
||
| 700 |
_aDing, Dawie. _eauthor. _960757 |
||
| 700 |
_aZhang, Guoqiang. _eauthor. _960758 |
||
| 700 |
_aWang, Qiwei . _eauthor. _960759 |
||
| 700 |
_aJing, Runze. _eauthor. _960760 |
||
| 700 |
_aWang, Gaolin. _eauthor. _960761 |
||
| 700 |
_aXu, Dianguo. _eauthor. _960762 |
||
| 942 |
_2ddc _cPER |
||
| 999 |
_c21519 _d21519 |
||